000 00425nam a2200181Ia 4500
008 151202s9999||||xx |||||||||||||| ||und||
082 _bPNVM-10990
100 _aSWAMI CHINMAYANANDA.
245 _aKATHOPANISHAD.
260 _b---
260 _c1951
300 _a487
600 _aSWAMI CHINMAYANANDA.
630 _aKATHOPANISHAD.
700 _aSWAMI CHINMAYANANDA.
730 _aKATHOPANISHAD.
942 _cBOOK
999 _c1276977
_d1276974